| 000 | 00664nam a2200181Ia 4500 | ||
|---|---|---|---|
| 005 | 20250508161913.0 | ||
| 008 | 008 250505s9999 xx 000 0 eng d | ||
| 037 | _aBooks to be hide in OPAC | ||
| 040 |
_aFEDL _beng _cFEDL |
||
| 041 |
_aeng _2eng |
||
| 084 |
_a371.20954163, NAT/O _qFEDL |
||
| 245 | 0 | _aEducational administration in Arunachal Pradesh 1975: A survey report | |
| 245 | 0 | _cNATIONAL STAFF COLLEGE FOR EDUCTIONAL PLANNERS AND ADMINISTRATORS | |
| 260 |
_aNew Delhi, India _bNational Staff College for Educational Planners and Administrators |
||
| 300 | _a97p. | ||
| 942 |
_cHB _h371.20954163, NAT/O |
||
| 999 |
_c1373095 _d1373095 |
||